Statistiques concernant Les meilleurs buteurs de l'OM depuis 1970

Cliquez ici pour prendre le quiz!

Statistiques générales

  • Ce quiz a été pris 180 fois
  • Le résultat moyen est 6 sur 15

Statistiques - réponses

NationalitéButsPériodeRéponse% Correct
France742013-2015; 2017-Dimitri Payet
94%
France1821986-1992Jean-Pierre Papin
91%
France862013-2015; 2016-2021Florian Thauvin
88%
France772010-2015André-Pierre Gignac
82%
Sénégal1002005-2010Mamadou Niang
78%
Ghana602007-2015André Ayew
77%
Yougoslavie1761966-1967; 1969-1975Josip Skoblar
41%
France422010-2013Loïc Remy
30%
Irlande701994-1997Tony Cascarino
14%
France411993-1998Marc Libbra
4%
France591967-1973Joseph Bonnel
3%
France531977-1980Marc Berdoll
3%
France721978-1985Marc Pascal
3%
Sénégal681975-1979; 1983-1984Sarr Boubacar
3%
Cameroun1121962-1970Joseph Yegba Maya
1%

Distribution des résultats

Percentile par nombre de réponses

% des personnes avec chaque résultat

Votre développement - résultats

Vous n’avez pas pris ce quiz